000
00322nam a22001337a 4500
008
180111b xxu||||| |||| 00| 0 eng d
020
_a
9780870216497
041
_a
eng
080
_2
40 ED
_a
94
100
_a
16
101
_a
HIS
245
_a
THE SHIPS AND AIRCRAFT OF THE U.S FLEET
_c
POLMAR.N
942
_2
udc
_c
BK
999
_c
40113
_d
40113